L’ont-ils connu ? #1 - Statistiques

Statistiques générales
  • Ce quiz a été pris 20 670 fois
  • Le résultat moyen est 7 sur 15
Statistiques - réponses
Question Réponse % Correct
Jeanne d'Arc a-t-elle connu l'utilisation du mot "barbecue" ? Non
76%
Charles de Gaulle a-t-il connu le Second Empire ? Non
69%
Jules Verne a-t-il connu le premier vol contrôlé d'un avion ? Oui
66%
Mozart a-t-il connu la mozzarella ? Oui
59%
François Mitterand a-t-il connu la victoire de la France à la Coupe du Monde 1998 ? Non
51%
Le roi Dagobert a-t-il connu l'utilisation de la culotte ? Oui
51%
Voltaire a-t-il connu la Révolution française ? Non
48%
Maurice Ravel a-t-il connu la création de la guitare électrique ? Oui
47%
Michael Jackson a-t-il connu la création de JetPunk ? Oui
45%
Thomas Pesquet a-t-il connu la dernière mission Apollo ? Non
41%
Le pape Benoît XVI a-t-il connu la création de l'État de la Cité du Vatican ? Oui
41%
Jésus a-t-il connu l'an 1 av. J.-C. ? Oui
40%
John Lennon a-t-il connu la guerre des Malouines? Non
36%
Gandhi a-t-il connu la création de McDonald's ? Non
25%
Fidel Castro a-t-il connu TikTok ? Oui
25%
Aucun quiz correspondant
Distribution des résultats
% des personnes avec chaque résultat
Percentile par nombre de réponses
Votre historique - résultats
Vous n’avez pas pris ce quiz